000
00359nam a2200169Ia 4500
003
0100
008
130303s9999 xx 000 0 und d
040
_c
ARRUPELIB
050
_a
U21.2.D94 1984
100
_a
Dyson, Freeman
245
_a
Weapons and Hope
260
_a
NY
260
_b
Harper Row, INC
260
_C
1984
300
_a
340p
942
0
0
_0
2
999
_c
24254
_d
24254